Adivina las banderas de los municipios de Huelva - Estadísticas

Estadísticas generales
  • Esta prueba ha sido intentada 125 veces
    118 desde el último reinicio
  • La puntuación promedio es 12 de 82
Estadísticas de respuestas
Imagen Respuesta % Correcto
Huelva
54%
Gibraleón
50%
La Granada de Riotinto
43%
Moguer
43%
San Juan del Puerto
39%
Zalamea la Real
36%
Almonte
32%
La Palma del Condado
32%
Niebla
32%
Punta Umbría
32%
Aljaraque
29%
Cartaya
29%
Isla Cristina
29%
Villanueva de las Cruces
29%
Minas de Riotinto
25%
Palos de la Frontera
25%
Tharsis
25%
Ayamonte
21%
Beas
21%
Manzanilla
21%
San Bartolomé de la Torre
21%
Valdelarco
21%
Alosno
18%
Cañaveral de León
18%
Fuenteheridos
18%
Higuera de la Sierra
18%
Lepe
18%
Rosal de la Frontera
18%
Alájar
14%
Aracena
14%
Bollullos Par del Condado
14%
Cala
14%
El Granado
14%
Escacena del Campo
14%
Valverde del Camino
14%
Villarrasa
14%
Arroyomolinos de León
11%
Cabezas Rubias
11%
Chucena
11%
Corteconcepción
11%
El Cerro de Andévalo
11%
La Redondela
11%
Linares de la Sierra
11%
Lucena del Puerto
11%
Nerva
11%
Sanlúcar de Guadiana
11%
Santa Bárbara de Casa
11%
Santa Olalla del Cala
11%
Trigueros
11%
Zufre
11%
Almonaster la Real
7%
Aroche
7%
Bonares
7%
Calañas
7%
Castaño del Robledo
7%
Cortegana
7%
Cumbres de Enmedio
7%
Cumbres Mayores
7%
Jabugo
7%
La Zarza-Perrunal
7%
Paterna del Campo
7%
Paymogo
7%
Puebla de Guzmán
7%
Rociana del Condado
7%
Villablanca
7%
Villanueva de los Castillejos
7%
Campofrío
4%
Cortelazor
4%
Cumbres de San Bartolomé
4%
El Almendro
4%
El Campillo
4%
Encinasola
4%
Galaroza
4%
Hinojales
4%
Hinojos
4%
Puerto Moral
4%
San Silvestre de Guzmán
4%
Villalba del Alcor
4%
Berrocal
0%
La Nava
0%
Los Marines
0%
Santa Ana la Real
0%
No se encontraron pruebas coincidentes
Distribución de puntuación
Porcentaje de gente con cada puntuación
Porcentaje por número respondido
Historial de tus puntuaciones
No has intentado esta prueba desde el último reinicio